000 00323nam a22001337a 4500
008 170911b xxu||||| |||| 00| 0 eng d
020 _a9780316281294
041 _aeng
080 _a52
100 _a42
101 _aAST
245 _aTHE WORLD TREASURY OF PHYSICS, ASTRONOMY AND MATHEMATICS
_cFERRIS,T
942 _2udc
_cBK
999 _c26935
_d26935